Veselá príhoda

Bibliographic Details
Main Authors: Tonič, Anton (Author), M.K (Author, Translator)
Format: Article
Language:Slovak
Subjects:

MARC

LEADER 00000nab a2200000 a 4500
001 vtls000025561
003 SK-MaSNL
005 20260303031116.0
008 150430c1979 xo 0 slo
015 |a SNBRB19rr/mm-uuuuu 
035 |a CL0035655 
040 |a SNKBUCL  |b slo  |c SNKBUCL  |e AACR2 
041 0 |a slo 
044 |a xo  |c SK 
080 |a 886.7-7  |2 1981 
100 1 |a Tonič, Anton  |4 aut  |9 1001739 
245 1 0 |a Veselá príhoda  |c Anton Tonič ; M.K., M.K. 
650 0 7 |a fejtóny humoristické  |2 snkbucl  |9 900451 
655 7 |a články z novín a časopisov  |2 snkbucl  |9 267496 
655 7 |a články z odboru literárna veda a krásna literatúra  |2 snkbucl  |9 770045 
700 1 |a M.K.  |4 aut  |9 339068 
700 1 |a M.K.  |4 trl  |9 339068 
773 0 |t Družstevné noviny  |g Roč. 34, č. 10 (1979), s. 7 
850 |a Slovenská národná knižnica v Martine  |a MTA001 
852 |a SNK  |b KIS3GCP 
958 |a RK 
958 |a LX 
958 |a SK 
992 |a RBX 
999 |c 1656010  |d 1657940